Xây dựng và hoàn thiện khung pháp lý về tiền ảo trong bối cảnh hội nhập và phát triển: Sách chuyên khảo

Sách giới thiệu tổng quan về tiền ảo, thực trạng pháp luật và thực tiễn tiền ảo ở Việt Nam. Thực trạng pháp luật một số nước về tiền ảo và kinh nghiệm cho Việt Nam. Những kiến nghị xây dựng và hoàn thiện chính sách, khung pháp lý v...

Πλήρης περιγραφή

Αποθηκεύτηκε σε:
Λεπτομέρειες βιβλιογραφικής εγγραφής
Κύριος συγγραφέας: Nguyễn Minh Oanh (Chủ biên)
Άλλοι συγγραφείς: Nguyễn Văn Hợi, Phùng Trung Tập
Μορφή: Βιβλίο
Γλώσσα:Vietnamese
Έκδοση: H. Tư pháp 2019
Θέματα:
Ετικέτες: Προσθήκη ετικέτας
Δεν υπάρχουν, Καταχωρήστε ετικέτα πρώτοι!
Thư viện lưu trữ: Thư viện Trường Đại học Nam Cần Thơ
LEADER 01706nam a22002417a 4500
001 NCT_91886
008 211018b xxu||||| |||| 00| 0 vie d
999 |c 4539  |d 4539 
020 |a 9786048115401  |c 145000 
082 0 4 |2 23rd ed.  |a 343.597032  |b O408 
100 1 |a Nguyễn Minh Oanh  |e Chủ biên 
245 1 0 |a Xây dựng và hoàn thiện khung pháp lý về tiền ảo trong bối cảnh hội nhập và phát triển:  |b Sách chuyên khảo  |c Nguyễn Minh Oanh (chủ biên) ; Nguyễn Văn Hợi, Phùng Trung Tập,... 
260 |a H.  |b Tư pháp  |c 2019 
300 |a 454 tr.  |c 21cm 
520 3 |a Sách giới thiệu tổng quan về tiền ảo, thực trạng pháp luật và thực tiễn tiền ảo ở Việt Nam. Thực trạng pháp luật một số nước về tiền ảo và kinh nghiệm cho Việt Nam. Những kiến nghị xây dựng và hoàn thiện chính sách, khung pháp lý về tiền ảo tại Việt Nam 
653 |a Luật học 
700 1 |a Nguyễn Văn Hợi 
700 1 |a Phùng Trung Tập 
942 |2 ddc  |c BK 
952 |0 0  |1 0  |2 ddc  |4 0  |6 343_597032000000000_O408  |7 0  |9 21591  |a 000001  |b 000001  |d 2021-10-18  |o 343.597032 O408  |p MD.18865  |r 2021-10-18  |v 145000.00  |w 2021-10-18  |y BK 
952 |0 0  |1 0  |2 ddc  |4 0  |6 343_597032000000000_O408  |7 0  |9 21592  |a 000001  |b 000001  |d 2021-10-18  |o 343.597032 O408  |p MD.18866  |r 2021-10-18  |v 145000.00  |w 2021-10-18  |y BK 
952 |0 0  |1 0  |2 ddc  |4 0  |6 343_597032000000000_O408  |7 0  |9 21593  |a 000001  |b 000001  |d 2021-10-18  |o 343.597032 O408  |p MD.18867  |r 2021-10-18  |v 145000.00  |w 2021-10-18  |y BK 
980 |a Thư viện Trường Đại học Nam Cần Thơ